|
|
|
|
| LEADER |
00000nlm0a2200000 4500 |
| 001 |
643720 |
| 005 |
20240215105419.0 |
| 029 |
1 |
0 |
|a RU
|b 2423338
|c Пат.
|d МПК C 06 B 29/00
|
| 035 |
|
|
|a (RuTPU)RU\TPU\network\8717
|
| 035 |
|
|
|a RU\TPU\network\8683
|
| 039 |
0 |
|
|a RU
|b 2008150995/05
|c 20081222
|
| 090 |
|
|
|a 643720
|
| 100 |
|
|
|a 20150925j20110710k y0rusy50 ca
|
| 101 |
0 |
|
|a rus
|
| 102 |
|
|
|a RU
|
| 105 |
|
|
|a a k 000zy
|
| 135 |
|
|
|a drcn ---uucaa
|
| 181 |
|
0 |
|a i
|
| 182 |
|
0 |
|a b
|
| 200 |
1 |
|
|a Способ регулирования скорости горения смесевого твердого топлива
|f В. А. Архипов [и др.]
|g Томский государственный университет (ТГУ)
|
| 203 |
|
|
|a Текст
|c электронный
|
| 300 |
|
|
|a опубл. 10.07.11
|
| 330 |
|
|
|a Изобретение относится к области разработки смесевых твердых топлив (СТТ), содержащих нанопорошок алюминия в качестве одного из горючих компонентов.
|
| 610 |
1 |
|
|a патенты
|
| 610 |
1 |
|
|a труды учёных ТПУ
|
| 610 |
1 |
|
|a электронный ресурс
|
| 610 |
1 |
|
|a изобретения
|
| 610 |
1 |
|
|a регулирование
|
| 610 |
1 |
|
|a скорость
|
| 610 |
1 |
|
|a горение
|
| 610 |
1 |
|
|a твердые топлива
|
| 610 |
1 |
|
|a смесевые твердые топлива
|
| 610 |
1 |
|
|a нанопорошки
|
| 610 |
1 |
|
|a алюминий
|
| 701 |
|
1 |
|a Архипов
|b В. А.
|c специалист в области теплоэнергетики
|c профессор Томского политехнического университета, доктор физико-математических наук
|f 1944-
|g Владимир Афанасьевич
|3 (RuTPU)RU\TPU\pers\30101
|
| 701 |
|
1 |
|a Ворожцов
|b А. Б.
|g Александр Борисович
|
| 701 |
|
1 |
|a Горбенко
|b Т. И.
|c физик
|c доцент Томского политехнического университета, кандидат физико-математических наук
|f 1960-
|g Татьяна Ивановна
|3 (RuTPU)RU\TPU\pers\37630
|
| 701 |
|
1 |
|a Коротких
|b А. Г.
|c специалист в области энергетики
|c профессор Томского политехнического университета, доктор физико-математических наук
|f 1976-
|g Александр Геннадьевич
|3 (RuTPU)RU\TPU\pers\25614
|9 11543
|
| 701 |
|
1 |
|a Савельева
|b Л. А.
|g Лилия Алексеевна
|
| 701 |
|
1 |
|a Сакович
|b Г. В.
|g Геннадий Викторович
|
| 712 |
0 |
2 |
|a Томский государственный университет (ТГУ)
|3 (RuTPU)RU\TPU\col\397
|
| 801 |
|
1 |
|a RU
|b 63413507
|c 20120201
|
| 801 |
|
2 |
|a RU
|b 63413507
|c 20170313
|g RCR
|
| 856 |
4 |
|
|u http://www1.fips.ru/Archive/PAT/2011FULL/2011.07.10/DOC/RUNWC2/000/000/002/423/338/document.pdf
|
| 942 |
|
|
|c CF
|